Šťastný život /

Main Author: Bowen, Will
Other Authors: Vlčková, Petra
Language: Czech
Published: [Praha] : Synergie, [2019]
Edition: Vydání první
Subjects:
Physical Description: 228 stran ; 17 cm
Book
Saved in:
LEADER 01940nam a2200577 i 4500
001 nkc20193156017
003 CZ PrNK
005 20191129132213.0
007 ta
008 191028t20192019xr e f 000 0 cze
015 |a cnb003156017 
020 |a 978-80-7370-542-8  |q (brožováno) 
035 |a (OCoLC)1130271171 
040 |a BOA001  |b cze  |e rda 
041 1 |a cze  |h eng 
072 7 |a 316.4/.7  |x Sociální interakce. Sociální komunikace  |2 Konspekt  |9 18 
080 |a 17.023.34  |2 MRF 
080 |a 316.648.4  |2 MRF 
080 |a 159.923.5  |2 MRF 
080 |a 316.472.4  |2 MRF 
080 |a 159.923.5  |2 MRF 
080 |a (035)  |2 MRF 
100 1 |a Bowen, Will  |7 jo2017970375  |4 aut 
240 1 0 |a Happy this year.  |l Česky 
245 1 0 |a Šťastný život /  |c Will Bowen ; z anglického originálu Happy this year přeložila Petra Vlčková 
250 |a Vydání první 
264 1 |a [Praha] :  |b Synergie,  |c [2019] 
264 4 |c ©2019 
300 |a 228 stran ;  |c 17 cm 
336 |a text  |b txt  |2 rdacontent 
337 |a bez média  |b n  |2 rdamedia 
338 |a svazek  |b nc  |2 rdacarrier 
650 0 7 |a štěstí  |7 ph127882  |2 czenas 
650 0 7 |a změna postoje  |7 ph615993  |2 czenas 
650 0 7 |a pozitivní myšlení  |7 ph124475  |2 czenas 
650 0 7 |a interpersonální vztahy  |7 ph114786  |2 czenas 
650 0 7 |a rozvoj osobnosti  |7 ph194683  |2 czenas 
650 0 9 |a happiness  |2 eczenas 
650 0 9 |a attitude change  |2 eczenas 
650 0 9 |a positive thinking  |2 eczenas 
650 0 9 |a interpersonal relations  |2 eczenas 
650 0 9 |a personality development  |2 eczenas 
655 7 |a příručky  |7 fd133209  |2 czenas 
655 9 |a handbooks and manuals  |2 eczenas 
700 1 |a Vlčková, Petra  |7 ola2003186242  |4 trl 
910 2 |a BOA001  |b 1-1434.979 
928 9 |a Synergie Publishing SE 
990 |a BK 
995 |a 01 
991 |b 201911  |c NOV 
996 6 |b 2610805108  |c 1-1434.979  |l MZK  |r Sklad / do 1 hodiny  |n 2  |p p.v.  |w 001766390  |u 000010  |a 1  |e BOA001  |j MZK50  |s P